| 000 | 00660nam a2200217Ia 4500 | ||
|---|---|---|---|
| 003 | OSt | ||
| 005 | 20220120104335.0 | ||
| 008 | 210716s2005 xx 000 0 und d | ||
| 020 | _a8183183026 | ||
| 040 | _cAIMIT LIBRARY | ||
| 041 | _aeng | ||
| 082 |
_a332.0412 _21 _bSHAD |
||
| 100 |
_aSharma, Dhiraj. _913920 |
||
| 245 |
_aWorking capital management : _ba conceptual approach / _cby Dhiraj Sharma. |
||
| 250 | _a1st. ed.- | ||
| 260 |
_aNew Delhi: _bHimalaya Publishing House, _c2005. |
||
| 650 |
_aAn overview of working capital _913921 |
||
| 650 |
_aCash management _913922 |
||
| 650 |
_aFinancial analysis _913923 |
||
| 942 |
_2ddc _cBK _e1 _k332.0412 SHAD |
||
| 999 |
_c204691 _d204691 |
||